Feedback consciente un manual para ld̕eres, facilitadores y coaches /

Detalles Bibliográficos
Autor principal: Paradiso, Gabriel
Formato: eBook
Lenguaje:español
Publicado: Bogot:̀ Ediciones de la U, 2020
Materias:
Acceso en línea:Acceso restringido

MARC

LEADER 00000nam a22000007a 4500
005 20210702001420.0
007 cr|||| ||||
008 210702s2020 co |||||s|||| 00||0 spa d
020 |a 978-958-792-148-9 
035 |a 33446 
040 |a vLex 
090 |c 11824  |d 11824 
100 1 |a Paradiso, Gabriel 
245 1 0 |a Feedback consciente  |h [Recurso electrn̤ico] :  |b un manual para ld̕eres, facilitadores y coaches /  |c Gabriel Paradiso 
256 |a Servicio en ln̕ea 
260 |a Bogot:̀  |b Ediciones de la U,  |c 2020 
300 |a 1 recurso electrn̤ico 
500 |a Es una obra g̀il, refrescante, t︢il y prc̀tica del potente mundo del feedback. Fiel a su estilo personal, Gabriel Paradiso nos presenta un material con realismo, profundidad y calidad, muy bien estructurado con una combinacin̤ fants̀tica de modelos conceptuales, herramientas, investigaciones, ejemplos, historias y desafo̕s. Nadie hasta ahora haba̕ reunido tanta informacin̤ sobre dar y recibir feedback. El desarrollo de sus capt̕ulos dan testimonio de la reflexin̤ acadm̌ica y empr̕ica que nutre y es nutrida por este tema. Es imposible no preguntarse ¿cm̤o es que el feedback y el coaching han dejado de ser “accesorios t︢iles” -ms̀ mencionados que ejecutados- de la accin̤ gerencial, para convertirse en un eje central? 
506 1 |a Disponible solo en los productos indicados  |d vLex Global  |d vLex Global (Academic Edition, excluding Law Schools)  |d vLex Global (U.S. Academic Edition, Law Schools)  |d vLex Global (U.S. Academic Edition, excluding Law Schools)  |d vLex Global (Academic Edition, Law Schools) 
650 0 4 |a Ciencias sociales  |z Colombia 
740 0 |a vLex Libros (Servicio en ln̕ea) 
856 4 0 |u https://vlex.com/source/feedback-consciente-un-manual-para-lideres-facilitadores-y-coaches-33446  |z Acceso restringido 
942 |c BOOK 
999 0 |a Social Sciences